It looks like you're offline.
Open Library logo
additional options menu

MARC record from Internet Archive

LEADER: 01184 am 2200241 a 4500
007 cr
008 921113s1777 enk s 000 | eng
091 $aEPB/A/19317
100 1 $aCulpeper, Nicholas,$d1616-1654$0n 83007664.
245 12 $aA directory for midwives: or a guide for women, in their conception, bearing, and suckling their children /$cNewly corrected [and with addition of pt. II, on diseases of women and children].
260 $aLondon :$bPrinted for W. Cay, Alnwick,$c1777.
300 $a2 pts., folded plate ;$c(12mo)
336 $atext$btxt$2rdacontent.
337 $acomputer$bc$2rdamedia.
338 $aonline resource$bcr$2rdacarrier.
500 $aPt. II has separate t.p. 'The English physician. Or, a treatise of practical physic, on the diseases of women'. Does not include 'Mris. C.'s Testimony'.
510 4 $aESTC$cN17545.
591 00 $zCopy 1$eNote: Plate wanting.$9X133868.
655 0 $aElectronic books.
752 $aEngland$dLondon.
759 $adig18th.
776 1 $iPrint version:$tA directory for midwives: or a guide for women, in their conception, bearing, and suckling their children$w(OCoLC)26965944$w(UkLW)b10992042.
907 $a.b33005941